Mahabharata Sử thi Ấn Độ
Giới thiệu bối cảnh lịch sử thời đại anh hùng của ấn Độ. Sử thi Mahabharata, một số đặc trưng thi pháp của sử thi, trích dịch một số chương quan trọng nhất trong Mahabharata
Guardado en:
| Otros Autores: | |
|---|---|
| Formato: | Libro |
| Lenguaje: | Vietnamese |
| Publicado: |
H.
Khoa học xã hội
1979
|
| Materias: | |
| Etiquetas: |
Agregar Etiqueta
Sin Etiquetas, Sea el primero en etiquetar este registro!
|
| Thư viện lưu trữ: | Mạng thư viện Đại học Đà Nẵng |
|---|
| LEADER | 01332nam a2200349 4500 | ||
|---|---|---|---|
| 001 | 000004494 | ||
| 003 | 633 | ||
| 005 | 20120411090449.0 | ||
| 008 | 110721s1979 viesd | ||
| 020 | |c 20000 | ||
| 041 | 0 | |a vie | |
| 082 | |a 891.4 |b MAH | ||
| 245 | 0 | |a Mahabharata |b Sử thi Ấn Độ |c Cao Huy Đỉnh, Phạm Thủy Ba dịch | |
| 260 | |a H. |b Khoa học xã hội |c 1979 | ||
| 300 | |a 495 tr |c 19 cm | ||
| 520 | |a Giới thiệu bối cảnh lịch sử thời đại anh hùng của ấn Độ. Sử thi Mahabharata, một số đặc trưng thi pháp của sử thi, trích dịch một số chương quan trọng nhất trong Mahabharata | ||
| 653 | |a Sử thi | ||
| 653 | |a Nghiên cứu văn học | ||
| 653 | |a Ấn Độ | ||
| 653 | |a Văn học dân gian | ||
| 700 | |a Phạm Thủy Ba |e Dịch | ||
| 910 | |a Nguyễn Thị Kim Oanh |d 21 / 07/ 2011 | ||
| OWN | |a LSP | ||
| AVA | |a UDN50 |b LSP |d 891.4 MAH |e unavailable |t Error 5002 Not defined in file expand_doc_bib_avail. |f 1 |g 1 |h N |i 0 |k 1 | ||
| 999 | |a From the UDN01 | ||
| AVA | |a UDN50 |b LSP |d 891.4 MAH |e unavailable |t Error 5002 Not defined in file expand_doc_bib_avail. |f 1 |g 1 |h N |i 0 |k 1 | ||
| TYP | |a Monograph | ||
| TYP | |a Printed language | ||
| 980 | |a Mạng thư viện Đại học Đà Nẵng | ||